000 00435pab a2200169 454500
008 180718b2005 xxu||||| |||| 00| 0 eng d
100 _aGrossman, Gene M.
245 _aComplementarities between outsourcing and foreign sourcing
260 _c2005
300 _ap.19-24.
362 _aMay
650 _aOutsourcing
700 _aSzeidl, Adam
700 _aHelpman, Elhanan
773 _aAmerican Economic Review
909 _a68061
999 _c68061
_d68061